00467nam a2200217Ia 450000500170000000800460001702000150006303700070007804000080008504000080009304000080010104100080010904100080011708400160012508400080014124500520014926000100020126000200021126000090023130000090024020260401122350.0008 250103s9999 xx 000 0 eng d a8178242400 aTB aEDL beng cEDL 2eng aeng aIn820.9 MEH qEDL 0aConcise History of Indian Literature in English aIndia bPermanent Black c2008 a456p